5HLuxD.jpg

KING HENRY VIII SENIOR AND PRIMARY SCHOOL LIBRARY OPAC

ICK! (Record no. 4374)

000 -LEADER
fixed length control field 00283nam a22001217a 4500
008 - FIXED-LENGTH DATA ELEMENTS--GENERAL INFORMATION
fixed length control field 250213b ||||| |||| 00| 0 eng d
020 ## - INTERNATIONAL STANDARD BOOK NUMBER
International Standard Book Number 9781426337468
082 ## - DEWEY DECIMAL CLASSIFICATION NUMBER
Classification number 591.5 STE
100 ## - MAIN ENTRY--PERSONAL NAME
Personal name STEWART MELISSA
Relator term AUTHOR
245 ## - TITLE STATEMENT
Title ICK!
260 ## - PUBLICATION, DISTRIBUTION, ETC.
Name of publisher, distributor, etc. NATIONAL GEOGRAPHIC LLC
942 ## - ADDED ENTRY ELEMENTS (KOHA)
Source of classification or shelving scheme
Holdings
Withdrawn status Lost status Source of classification or shelving scheme Damaged status Not for loan Collection code Permanent Location Current Location Shelving location Date acquired Total Checkouts Full call number Barcode Date due Date last seen Date last checked out Price effective from Koha item type Public note
          Non-Fiction KH8 Primary School Library KH8 Primary School Library Non Fiction 2025-02-13 13 591.5 STE KHPL000005098 2026-02-23 2026-02-12 2026-02-12 2025-02-13 Books - Non Ficton KH8 PRIMARY LIBRARY

Powered By KH8 IT Dept